000 00252 a2200109 4500
003 Nust
005 20170207154223.0
040 _cNust
082 _a371.33
245 _aFive Steps Of Leadership (VHS-518)
440 _aFive Steps Of Leadership (VHS-518)
538 _aDuration 56-Mins
999 _c195411
_d195411